000 02578nam0a2200361 i 4500
001 RU\NLR\BIBL_A\010794138
005 20260408193759.0
010 _a9785796417577
_950
021 _aRU
_b2015-42023
_92494
035 _a(NILC)RuMoRGB-007949003
035 _a(NLR Aleph) 010794138
090 _a10127281
_c10127281
100 _a20150626d2014 u y0rusy50 ca
101 0 _arus
102 _aRU
105 _aa|||j|||000yy
200 1 _aТехнологическое обеспечение качества поверхности методами модификации ее свойств концентрированными потоками энергии
_eучебное пособие
_e[для студентов дневного отделения, обучающихся по направлению 151900 "Конструкторско-технологическое обеспечение машиностроительных производств"]
_fС.И. Яресько
_gМ-во образования и науки Рос. Федерации, Федер. гос. бюджет. образоват. учреждение высш. проф. образования "Самар. гос. техн. ун-т", Каф. "Автоматизир. станоч. и инструмент. системы"
210 _aСамара
_cСамарский государственный технический университет
_d2014
215 _a247, [1] с.
_cил.
_d21
320 _aБиблиогр.: с. 241-246 (78 назв.)
606 _aЛазерная обработка металлов
_jУчебные издания для высших учебных заведений
_9890375
_3RU\NLR\AUTH\661616
606 1 _aУпрочнение металлов
_jУчебные издания для высших учебных заведений
_91057421
_3RU\NLR\AUTH\66409827
606 _aМеталлы
_jУчебные издания для высших учебных заведений
_xПлазменная обработка
_92625877
_3RU\NLR\AUTH\661562437
606 _aМеталлы
_xЭлектронно-лучевая обработка
_jУчебные издания для высших учебных заведений
_3RU\NLR\AUTH\661342151
_92236451
686 1 _aК55я73-1
686 1 _aК588я73-1
686 1 _aК65я73-1
700 1 _aЯресько
_bС. И.
_gСергей Игоревич
801 0 _aRU
_bРГБ
_c20150609
_gRCR
942 _cBOOK
980 _aNBR